00539nam a22001697a 4500003000400000082001400004100002100018245011200039260006600151300000900217500005900226546001200285700002500297700001700322700001700339700001300356OSt aIIPS/1997 aNarasimhan, R. L aComparison of fertility estimates from India's sample registration system and national family health survey aMumbaibInternational institute for population sciencesc1997 a35p. aNational family health survey subject reports number 4 aEnglish aRetherford, Robert D aVinod Mishra aArnold, Fred aRoy, T K